000 01172nam a2200349 a 4500
008
020 _a9780323297400 (paperback)
040 _aNUST
_cNUST
049 _aMAIN
090 _aREF RM170
_bGAH
100 1 _aGahart, Betty L
_eauthor.
245 1 0 _aIntravenous medications :
_ba handbook for nurses and health professionals/
_c Betty L Gahart ; Adrienne R Nazareno and Meghan Q Ortega.
250 _aThirty - fourth edition.
260 _aSt Louis, Missouri :
_bElsevier ,
_c2018.
300 _axxii, 1416 pages :
_billustrations ;
_c23 cm.
336 _atext
_btxt
_2rdacontent
337 _aunmediated
_2rdamedia
338 _avolume
_2rdacarrier
500 _aIncludes index.
650 1 _aIntravenous therapy
_vHandbook, manuals, etc.
650 _aNursing.
650 _aAllied Health Personnel.
650 _aInfusions, Intravenous.
650 _aInjections, Intravenous.
650 _aNurses.
700 _aNazareno, Adrienne R
_eauthor.
700 _aOrtega, Meghan Q
_eauthor.
907 _a.b1040031x
_b01-07-21
_c30-03-21
003
005 20230120204310.0
942 _cBOOKS
_kREF RM170
_mGAH
999 _c120712
_d120712